La semplicità della legge tra codice e sistema.
Uloženo v:
| Hlavní autor: | |
|---|---|
| Médium: | Kniha |
| Vydáno: |
Bari, Italia:
Cacucci Editore,
2003.
|
| Edice: | Pubblicazioni della Facoltà Giuridica dell'Università di Bari,
|
| Témata: | |
| Tagy: |
Přidat tag
Žádné tagy, Buďte první, kdo vytvoří štítek k tomuto záznamu!
|
MARC
| LEADER | 00000nam a22000007a 4500 | ||
|---|---|---|---|
| 003 | CL-VaPUC | ||
| 005 | 20220822114528.0 | ||
| 008 | 220629t2003 ||||| |||| 00| 0 eng d | ||
| 999 | |c 436464 |d 436462 | ||
| 040 | |c Pontificia Universidad Católica de Valparaíso | ||
| 082 | 7 | |a 340.1092 TRO 2003 |2 22 | |
| 100 | 1 | |a Trombetta, Angela |e autora |9 871651 | |
| 245 | 1 | 3 | |a La semplicità della legge tra codice e sistema. |
| 260 | |a Bari, Italia: |b Cacucci Editore, |c 2003. | ||
| 300 | |a 219 páginas. | ||
| 490 | |a Pubblicazioni della Facoltà Giuridica dell'Università di Bari, |n 131. | ||
| 500 | |a c.1 Donación Familia Prof. Alejandro Guzmán Brito. | ||
| 583 | |c 20220629 |k Cristina María Rojas Aguilar | ||
| 600 | |a Bentham, Jeremy |x Pensamiento jurídico |9 871846 | ||
| 650 | |a Derecho |x Historia |y Siglos 18-19 |9 871847 | ||
| 650 | |a Derecho y moral |9 394363 | ||
| 942 | |2 ddc |c BK |n 0 | ||
| 952 | |0 0 |1 0 |2 ddc |4 0 |5 1 |6 340_109200000000000_TRO_2003 |7 1 |8 C_AGB |9 584124 |a BIBDER |b BIBDER |d 2022-06-29 |e Donación |i 5652285 |o 340.1092 TRO 2003 |p 5652285 |r 2023-01-25 |t 1 |w 2022-06-29 |y BK_US |k AGB | ||